|
|
|
|
| LEADER |
00000nlm0a2200000 4500 |
| 001 |
173484 |
| 005 |
20231101223113.0 |
| 035 |
|
|
|a (RuTPU)RU\TPU\book\188165
|
| 090 |
|
|
|a 173484
|
| 100 |
|
|
|a 20091226d2009 k y0rusy50 ca
|
| 101 |
0 |
|
|a rus
|
| 102 |
|
|
|a RU
|
| 105 |
|
|
|a a dm 001zy
|
| 135 |
|
|
|a drbn ---uucaa
|
| 181 |
|
0 |
|a i
|
| 182 |
|
0 |
|a b
|
| 200 |
1 |
|
|a Оптимизация параметров многоканальных непрерывносканирующих систем цифровой рентгенографии
|b Электронный ресурс
|e автореферат диссертации на соискание ученой степени кандидата технических наук
|e спец. 05.11.13
|e спец. 05.13.01
|f М. Б. Лебедев
|g Томский политехнический университет (ТПУ) ; Московский государственный институт радиотехники, электроники и автоматики (Технический университет) (МИРЭА) ; науч. рук. В. А. Удод
|
| 203 |
|
|
|a Текст
|c электронный
|
| 210 |
|
|
|a Томск
|d 2009
|
| 215 |
|
|
|a 1 файл (547 Kb)
|
| 230 |
|
|
|a Электронные текстовые данные (1 файл : 547 Kb)
|
| 300 |
|
|
|a Заглавие с титульного экрана
|
| 300 |
|
|
|a Электронная версия печатной публикации
|
| 337 |
|
|
|a Adobe Reader
|
| 452 |
|
1 |
|0 (RuTPU)RU\TPU\book\187189
|t Оптимизация параметров многоканальных непрерывносканирующих систем цифровой рентгенографии
|o автореферат диссертации на соискание ученой степени кандидата технических наук
|o спец. 05.11.13
|o спец. 05.13.01
|f М. Б. Лебедев
|g Томский политехнический университет (ТПУ) ; Московский государственный институт радиотехники, электроники и автоматики (Технический университет) (МИРЭА) ; науч. рук. О. А. Сидуленко, В. А. Удод
|c Томск
|d 2009
|p 21 с.
|a Лебедев, Михаил Борисович
|
| 606 |
1 |
|
|a Рентгенография цифровая
|2 stltpush
|3 (RuTPU)RU\TPU\subj\69011
|9 84042
|
| 610 |
1 |
|
|a современное состояние
|
| 610 |
1 |
|
|a непрерывно-сканирующие системы
|
| 610 |
1 |
|
|a развитие
|
| 610 |
1 |
|
|a математические модели
|
| 610 |
1 |
|
|a многоканальные системы
|
| 610 |
1 |
|
|a параметры
|
| 610 |
1 |
|
|a оптимизация
|
| 610 |
1 |
|
|a полученные результаты
|
| 610 |
1 |
|
|a приложение
|
| 610 |
1 |
|
|a преобразования
|
| 610 |
1 |
|
|a авторефераты диссертаций
|
| 610 |
1 |
|
|a электронный ресурс
|
| 675 |
|
|
|a 620.179.152(04)
|v 3
|
| 686 |
|
|
|a 05.11.13
|2 oksvnk
|
| 686 |
|
|
|a 05.13.01
|2 oksvnk
|
| 700 |
|
1 |
|a Лебедев
|b М. Б.
|g Михаил Борисович
|
| 702 |
|
1 |
|a Удод
|b В. А.
|g Виктор Анатольевич
|4 727
|
| 712 |
0 |
2 |
|a Томский политехнический университет (ТПУ)
|c (1991- )
|2 stltpush
|3 (RuTPU)RU\TPU\col\376
|
| 712 |
0 |
2 |
|a Московский государственный институт радиотехники, электроники и автоматики (Технический университет) (МИРЭА)
|2 stltpush
|3 (RuTPU)RU\TPU\col\119
|
| 801 |
|
1 |
|a RU
|b 63413507
|c 20091226
|
| 856 |
4 |
|
|u http://www.lib.tpu.ru/fulltext/a/2009/101.pdf
|
| 942 |
|
|
|c CF
|